000 00673nam a2200229Ii 4500
003 JO-AjNU
008 230605s9999||||xx |||||||||||||| ||und||
017 _a2000/7/2189
020 _a9957--11-117-5
040 _aJO-AjNU
_bara
_erda
_cJO-AjNU
041 _aara
050 1 4 _aTD174.U53 2010
100 3 _aالعمر، مثنى عبدالرزاق,
_eauthor
_927437
245 0 0 _aالتلوث البيئي
250 _aط2
264 3 1 _aعمان:دار وائل للنشر ،2010
300 _a294ص
336 _atext
_btxt
_2rdacontent
337 _aunmediated
_bn
_2rdamedia
338 _avolume
_bnc
_2rdacarrier
650 4 _aالتلوث البيئي
_927438
999 _aA10523
_c14091
_d14091